000 00690nam a2200241Ia 4500
003 OSt
005 20220927105419.0
006 a|||||r|||| 00| 0
007 ta
008 220926b |||||||| |||| 00| 0 eng d
024 _a169462
037 _cReference Collections
040 _aRTL
_cRTL
_beng
041 _2eng
_aeng
082 _a"X621v2.. N51 - N35, L0"
110 _aReserve Bank of India.
245 0 _a"History of the reserve bank of India , 1935-51"
260 _aBombay
_bRBI
_c1970
300 _axxiv; 878p.
_ccm.
700 _aReserve Bank of India.
942 _h"X621v2.. N51 - N35, L0"
_cCC
999 _c692411
_d692411